| 000 | 01074nam a2200229Ia 4500 | ||
|---|---|---|---|
| 999 |
_c39773 _d39773 |
||
| 001 | 6378 | ||
| 003 | GE_BSU | ||
| 005 | 20191125172945.0 | ||
| 008 | 181216s1985||||ge |||||||||||||| ||geo|| | ||
| 040 | _cGE_BSU | ||
| 041 | _ageo | ||
| 080 | _a821.353.1-11ჭ-15 | ||
| 100 |
_aჭავჭავაძე, ილია _91252 |
||
| 245 |
_aრჩეული ნაწარმოებები : 5 ტომად : _bტ. 2. მოთხრობები / _cილია ჭავჭავაძე; ტომი შეადგ. და შენიშვ. დაურთეს ს. ცაიშვილმა და გ. გვერდწითელმა. |
||
| 264 |
_aთბილისი : _bსაბჭოთა საქართველო, _c1985. |
||
| 300 |
_a478 გვ. ; _b21 გვ. |
||
| 541 | _h10ლ. | ||
| 653 | _aმოთხრობები | ||
| 700 |
_aცაიშვილი, ს. _eშემდგენელი _95572 |
||
| 700 |
_aგვერდწითელი, გ. _eშემდგენელი _93669 |
||
| 942 |
_cBK _2udc |
||